Statistics for MCU In chronological order

Click here to take the quiz!

General Stats

  • This quiz has been taken 29 times
  • The average score is 22 of 25

Answer Stats

YearMovie% Correct
2016Captain America:Civil War
100%
1942Captain America: The First Avenger
100%
2008Iron Man
100%
2013Iron man 3
100%
2015Ant-Man
96%
2012Thor
96%
2018Ant-Man and The Wasp
92%
2012Avengers
92%
2018Avengers:Infinity War
92%
1995Captain Marvel
92%
2010Incredible Hulk
92%
2010Iron Man 2
92%
2023Spider Man: Far From Home
92%
2016Spider-Man: Homecoming
92%
2023Avengers: Endgame
88%
2016Black Panther
88%
2014Captain America: The WInter Soldier
88%
2016-2017Doctor Strange
88%
2014Guardians of the Galaxy
88%
2013Thor: The Dark World
85%
2015Avengers: Age of Ultron
81%
2018Thor:Ragnarok
81%
2014Guardians of the Galaxy vol. 2
77%
2024The Falcon and The Winter Soldier
77%
2023WandaVision
58%

Score Distribution

Percentile by Number Answered

Percent of People with Each Score

Your Score History

You have not taken this quiz